[Event "CZE-ch Seniors 50"]
[Site "Olomouc"]
[Date "2023.08.15"]
[Round "5"]
[White "Molnar, Jiri"]
[Black "Navratil, Jiri"]
[Result "1-0"]
[WhiteElo "1918"]
[BlackElo "1899"]
[PlyCount "45"]
[EventDate "2023.08.12"]
[EventType "swiss"]
[EventRounds "9"]
[EventCountry "CZE"]
[SourceTitle "EXT 2024"]
[Source "ChessBase"]
[SourceDate "2023.10.10"]
[SourceVersion "1"]
[SourceVersionDate "2023.10.10"]
[SourceQuality "1"]

1. e4 c5 2. f4 e6 3. Nc3 a6 4. Be2 d5 5. d3 Nc6 6. Nf3 d4 7. Nb1 b5 8. 0-0 Nf6 9. Nbd2 Be7 10. Qe1 0-0 11. Ng5 e5 12. fxe5 Nxe5 13. Ndf3 Nxf3+ 14. Bxf3 Ra7 15. Qg3 c4 16. Bf4 Be6 17. Nxe6 fxe6 18. Bh6 Ne8 19. Bh5 Bf6 20. e5 Kh8 21. Bg5 g6 22. exf6 gxh5 23. f7 1-0

[Event "CZE-ch Amateur"]
[Site "Hluk"]
[Date "2023.05.11"]
[Round "9"]
[White "Molnar, Jiri"]
[Black "Buksa, Jaromir"]
[Result "0-1"]
[WhiteElo "1875"]
[BlackElo "2081"]
[PlyCount "110"]
[EventDate "2023.05.06"]
[EventType "swiss"]
[EventRounds "9"]
[EventCountry "CZE"]
[SourceTitle "CBM 214 Extra"]
[Source "ChessBase"]
[SourceDate "2023.07.31"]
[SourceVersion "1"]
[SourceVersionDate "2023.07.31"]
[SourceQuality "1"]

1. e4 c5 2. Nc3 d6 3. f4 g6 4. Nf3 Bg7 5. Bb5+ Bd7 6. 0-0 Bxb5 7. Nxb5 Nc6 8. d3 Nf6 9. Ng5 0-0 10. f5 d5 11. fxg6 hxg6 12. Qe1 dxe4 13. Qh4 Re8 14. dxe4 a6 15. Nc3 Qd4+ 16. Kh1 Rad8 17. Bf4 b5 18. Nd5 Rxd5 19. exd5 Qxd5 20. b3 Rd8 21. Rae1 Rd7 22. Re2 Nd4 23. Rd2 Qc6 24. Be5 Nf5 25. Qe1 Nh4 26. Bxf6 Rxd2 27. Qxd2 Bxf6 28. Nf3 Nf5 29. Rd1 Qe4 30. Re1 Qg4 31. Qe2 Bc3 32. Rd1 Kg7 33. Kg1 Nh4 34. Rf1 Nf5 35. Qd3 Bf6 36. Re1 Nd6 37. Ne5 Qh4 38. Nf3 Qg4 39. Kh1 Qh5 40. Qe3 Nf5 41. Qf4 Nd6 42. Rf1 Qd5 43. h3 Nf5 44. Re1 Nd6 45. Ne5 Nf5 46. c4 Qd6 47. Kg1 Nd4 48. Nd3 Qc6 49. Qe4 Qd6 50. cxb5 axb5 51. Nf2 Qg3 52. Qe3 Qh4 53. Ng4 Nc2 54. Nxf6 Nxe3 55. Ng4 Nc2 0-1

[Event "CZE-chT2E 2223"]
[Site "Czech Republic"]
[Date "2023.03.05"]
[Round "10.5"]
[White "Molnar, Jiri"]
[Black "Bakos, Eduard"]
[Result "0-1"]
[WhiteElo "1844"]
[BlackElo "2069"]
[PlyCount "68"]
[EventDate "2022.10.16"]
[EventType "team-tourn"]
[EventRounds "11"]
[EventCountry "CZE"]
[SourceTitle "EXT 2024"]
[Source "ChessBase"]
[SourceDate "2023.10.10"]
[SourceVersion "1"]
[SourceVersionDate "2023.10.10"]
[SourceQuality "1"]
[WhiteTeam "Olomouc"]
[BlackTeam "Brno VSK Univ"]
[WhiteTeamCountry "CZE"]
[BlackTeamCountry "CZE"]

1. e4 e5 2. Nc3 Nc6 3. Bc4 Nf6 4. d3 Bb4 5. Nge2 d5 6. exd5 Nxd5 7. 0-0 Be6 8. Nxd5 Bxd5 9. Bxd5 Qxd5 10. Nc3 Bxc3 11. bxc3 0-0 12. Re1 Rfe8 13. c4 Qd7 14. Bb2 Rad8 15. Qf3 b6 16. Re4 f5 17. Rh4 Nd4 18. Bxd4 exd4 19. Rf4 Re5 20. g4 fxg4 21. Rxg4 Rf8 22. Qd1 Qf5 23. Rg2 c5 24. Qd2 Rfe8 25. Rf1 Re2 26. Qh6 R8e7 27. Qd6 Kf7 28. Qg3 g6 29. Qh4 Kg7 30. Rg4 Rf7 31. Rg5 Qf3 32. Rg3 Qf6 33. Qg4 Rxf2 34. Rxf2 Qxf2+ 0-1

[Event "CZE-chT2E 2223"]
[Site "Czech Republic"]
[Date "2022.11.20"]
[Round "3.6"]
[White "Messerschmidt, Stanislav"]
[Black "Molnar, Jiri"]
[Result "0-1"]
[WhiteElo "1976"]
[BlackElo "1844"]
[PlyCount "114"]
[EventDate "2022.10.16"]
[EventType "team-tourn"]
[EventRounds "11"]
[EventCountry "CZE"]
[SourceTitle "EXT 2024"]
[Source "ChessBase"]
[SourceDate "2023.10.10"]
[SourceVersion "1"]
[SourceVersionDate "2023.10.10"]
[SourceQuality "1"]
[WhiteTeam "Orechov Orel"]
[BlackTeam "Olomouc"]
[WhiteTeamCountry "CZE"]
[BlackTeamCountry "CZE"]

1. e4 d5 2. exd5 Qxd5 3. Nc3 Qd8 4. Bc4 Nf6 5. Nf3 Bf5 6. d4 c6 7. 0-0 e6 8. h3 Be7 9. Bd3 Bg6 10. Ne2 Bh5 11. Ne5 Nbd7 12. Qe1 Nb6 13. c3 0-0 14. Nf4 Bg6 15. Nfxg6 hxg6 16. Bg5 Qd5 17. a4 c5 18. Be4 Qxe4 19. Qxe4 Nxe4 20. Bxe7 Rfc8 21. Rfe1 Nd5 22. Rxe4 Nxe7 23. a5 Rc7 24. Ra4 Rd8 25. Rc4 Rdc8 26. Kf1 Nf5 27. Rxc5 Rxc5 28. dxc5 Rxc5 29. Nc4 Kf8 30. g4 Ne7 31. Ke2 f5 32. Rd4 Nc6 33. Kd3 Nxd4 34. cxd4 Rb5 35. Kc3 Ke7 36. b4 Rd5 37. g5 Rd8 38. Ne5 Rc8+ 39. Kd2 Kd6 40. Nxg6 Rc4 41. Kd3 Rxb4 42. Nf4 Rb3+ 43. Ke2 b5 44. h4 Rc3 45. h5 Rc1 46. Kf3 b4 47. Kg2 b3 48. Nd3 Rc2 49. h6 gxh6 50. gxh6 Rc7 51. Kf3 Rh7 52. Ke3 Rxh6 53. Kd2 Rh3 54. Nc5 Rf3 55. Kc1 Rc3+ 56. Kb2 Rxc5 57. dxc5+ Kxc5 0-1

[Event "Olomouc Seniors op"]
[Site "Olomouc"]
[Date "2022.08.19"]
[Round "8"]
[White "Molnar, Jiri"]
[Black "Jerman, Richard"]
[Result "1-0"]
[WhiteElo "1797"]
[BlackElo "2038"]
[PlyCount "71"]
[EventDate "2022.08.13"]
[EventType "swiss"]
[EventRounds "9"]
[EventCountry "CZE"]
[SourceTitle "CBM 209 Extra"]
[Source "ChessBase"]
[SourceDate "2022.09.30"]
[SourceVersion "1"]
[SourceVersionDate "2022.09.30"]
[SourceQuality "1"]

1. e4 c6 2. d4 g6 3. Bc4 d5 4. exd5 cxd5 5. Bb3 Nf6 6. Nf3 Bg4 7. h3 Bxf3 8. Qxf3 Bg7 9. c3 0-0 10. Bf4 e6 11. Nd2 Qb6 12. 0-0 a5 13. a4 Nbd7 14. Rfe1 Rfc8 15. Rab1 Qa6 16. Qe3 Nb6 17. Bh6 Bh8 18. Nf3 Nc4 19. Bxc4 dxc4 20. Ne5 Rc7 21. Qf4 Nd5 22. Qg3 Qd6 23. Qh4 Qd8 24. Qg4 Qe8 25. Qd1 Bg7 26. Ng4 Bxh6 27. Nxh6+ Kg7 28. Ng4 h5 29. Ne5 Qe7 30. Re4 Rb8 31. Qe2 f5 32. Nxg6 Qg5 33. Rxe6 Nf6 34. Ne5 Kh7 35. Nf3 Qg7 36. Qe5 1-0

[Event "Olomouc Seniors op"]
[Site "Olomouc"]
[Date "2022.08.17"]
[Round "6"]
[White "Molnar, Jiri"]
[Black "Heppell, Ian"]
[Result "1/2-1/2"]
[WhiteElo "1797"]
[BlackElo "2031"]
[PlyCount "55"]
[EventDate "2022.08.13"]
[EventType "swiss"]
[EventRounds "9"]
[EventCountry "CZE"]
[SourceTitle "CBM 209 Extra"]
[Source "ChessBase"]
[SourceDate "2022.09.30"]
[SourceVersion "1"]
[SourceVersionDate "2022.09.30"]
[SourceQuality "1"]

1. e4 e5 2. Nc3 Nf6 3. Bc4 Nxe4 4. Qh5 Nd6 5. Bb3 Be7 6. Nf3 Nc6 7. Nxe5 g6 8. Nxc6 dxc6 9. Qf3 0-0 10. 0-0 Nf5 11. d3 Nd4 12. Qf4 Bf5 13. Re1 Re8 14. Bd2 Nxb3 15. axb3 Bd6 16. Qh6 Bf8 17. Qf4 Bd6 18. Qh6 Bf8 19. Qg5 a6 20. Rxe8 Qxe8 21. Re1 Qd7 22. h3 h5 23. Ne4 Bxe4 24. Rxe4 Re8 25. Rxe8 Qxe8 26. Bc3 Bg7 27. Kf1 Bxc3 28. bxc3 1/2-1/2

[Event "Novy Bor op-A"]
[Site "Novy Bor"]
[Date "2013.02.16"]
[Round "9"]
[White "Svec, Ludek"]
[Black "Molnar, Jiri"]
[Result "0-1"]
[WhiteElo "1815"]
[BlackElo "1877"]
[PlyCount "50"]
[EventDate "2013.02.09"]
[EventType "swiss"]
[EventRounds "9"]
[EventCountry "CZE"]
[SourceTitle "CBM 152 Extra"]
[Source "ChessBase"]
[SourceDate "2013.02.25"]
[SourceVersion "1"]
[SourceVersionDate "2013.02.25"]
[SourceQuality "1"]

1. Nf3 d5 2. e3 Nf6 3. c4 e6 4. Nc3 Be7 5. Be2 0-0 6. 0-0 c5 7. d4 cxd4 8. Nxd4 dxc4 9. Bxc4 Qc7 10. Qe2 a6 11. a4 b6 12. e4 Bc5 13. Nf3 Bb7 14. Bg5 Nbd7 15. Rad1 Ng4 16. Bh4 Bd6 17. Bg3 Bxg3 18. hxg3 Ndf6 19. Rd2 Qc5 20. Rfd1 Nh5 21. Nd4 Qg5 22. Nxe6 fxe6 23. Bxe6+ Kh8 24. Qxg4 Qh6 25. Bd5 Rad8 0-1

[Event "Novy Bor op-A"]
[Site "Novy Bor"]
[Date "2013.02.10"]
[Round "2"]
[White "Svobodova, Michaela"]
[Black "Molnar, Jiri"]
[Result "1-0"]
[WhiteElo "2051"]
[BlackElo "1877"]
[PlyCount "43"]
[EventDate "2013.02.09"]
[EventType "swiss"]
[EventRounds "9"]
[EventCountry "CZE"]
[SourceTitle "CBM 152 Extra"]
[Source "ChessBase"]
[SourceDate "2013.02.25"]
[SourceVersion "1"]
[SourceVersionDate "2013.02.25"]
[SourceQuality "1"]

1. e4 e6 2. d4 d5 3. Nc3 dxe4 4. Nxe4 Nd7 5. Nf3 Ngf6 6. Nxf6+ Nxf6 7. Bc4 c5 8. 0-0 cxd4 9. Qe2 Be7 10. Rd1 0-0 11. Rxd4 Qb6 12. c3 Bd7 13. Ne5 Rad8 14. Bg5 Ba4 15. Rxd8 Rxd8 16. Re1 Be8 17. Bd3 Qc7 18. Bc2 Bc6 19. Nxf7 Kxf7 20. Qxe6+ Kf8 21. Bxf6 gxf6 22. Bb3 1-0

[Event "Marianske Lazne op 11th"]
[Site "Marianske Lazne"]
[Date "2012.01.26"]
[Round "7"]
[White "Molnar, Jiri"]
[Black "Hasenbank, Dirk"]
[Result "1/2-1/2"]
[WhiteElo "1848"]
[BlackElo "2010"]
[PlyCount "60"]
[EventDate "2012.01.21"]
[EventType "swiss"]
[EventRounds "9"]
[EventCountry "CZE"]
[SourceTitle "CBM 146 Extra"]
[Source "ChessBase"]
[SourceDate "2012.02.29"]
[SourceVersion "1"]
[SourceVersionDate "2012.02.29"]
[SourceQuality "1"]

1. e4 g6 2. f4 Bg7 3. Nc3 d6 4. Nf3 Nf6 5. Be2 0-0 6. 0-0 a6 7. Qe1 b5 8. d3 c5 9. Qh4 b4 10. Nd1 Nc6 11. Ne3 Nd4 12. Bd1 Ra7 13. f5 e6 14. Nxd4 cxd4 15. fxg6 fxg6 16. Nc4 e5 17. Bg5 Raf7 18. Be2 Qc7 19. Rf2 Be6 20. b3 Ne8 21. Raf1 Rxf2 22. Rxf2 Rxf2 23. Qxf2 Bxc4 24. dxc4 Qf7 25. Qe1 Qb7 26. Qh4 Kh8 27. Qg4 Nf6 28. Qe6 Qxe4 29. Bxf6 Qe3+ 30. Kf1 Qc1+ 1/2-1/2

[Event "Nachod op 9th"]
[Site "Nachod"]
[Date "2011.07.04"]
[Round "3.46"]
[White "Zoubek, David"]
[Black "Molnar, Jiri"]
[Result "1-0"]
[WhiteElo "1680"]
[BlackElo "1890"]
[PlyCount "68"]
[EventDate "2011.07.02"]
[EventType "swiss"]
[EventRounds "9"]
[EventCountry "CZE"]
[SourceTitle "EXT 2012"]
[Source "ChessBase"]
[SourceDate "2011.11.24"]
[SourceVersion "1"]
[SourceVersionDate "2011.11.24"]
[SourceQuality "1"]

1. e4 d5 2. exd5 Qxd5 3. Nc3 Qd8 4. d4 Nf6 5. Bg5 c6 6. Qd2 Bf5 7. Nf3 e6 8. Bd3 Bg6 9. h4 Bb4 10. h5 Bxd3 11. Qxd3 h6 12. Bd2 Nbd7 13. 0-0-0 b5 14. Kb1 a5 15. Ne4 Be7 16. Rdg1 b4 17. g4 Qb6 18. g5 Nxe4 19. Qxe4 0-0-0 20. Be3 Qb5 21. gxh6 gxh6 22. Rc1 Bd6 23. c4 Qf5 24. Qxf5 exf5 25. Nh4 f4 26. Nf5 Bc7 27. Bd2 Nc5 28. Be1 Ne4 29. f3 Ng5 30. Rf1 Kd7 31. Bh4 Ke6 32. Nxh6 Rxh6 33. Bxg5 Rxd4 34. Rce1+ Kd7 1-0

[Event "Nachod op 9th"]
[Site "Nachod"]
[Date "2011.07.02"]
[Round "1.11"]
[White "Adamek, Jiri"]
[Black "Molnar, Jiri"]
[Result "1-0"]
[WhiteElo "2289"]
[BlackElo "1890"]
[PlyCount "85"]
[EventDate "2011.07.02"]
[EventType "swiss"]
[EventRounds "9"]
[EventCountry "CZE"]
[SourceTitle "EXT 2012"]
[Source "ChessBase"]
[SourceDate "2011.11.24"]
[SourceVersion "1"]
[SourceVersionDate "2011.11.24"]
[SourceQuality "1"]

1. d4 e6 2. c4 d5 3. Nf3 Nf6 4. g3 Be7 5. Bg2 0-0 6. 0-0 c5 7. cxd5 exd5 8. Nc3 Nc6 9. Bg5 Be6 10. dxc5 Bxc5 11. Rc1 Be7 12. Qa4 h6 13. Be3 Qa5 14. Rfd1 Qxa4 15. Nxa4 Ne4 16. Nd4 Nxd4 17. Rxd4 Bf6 18. Rb4 b6 19. f3 Nd6 20. Bd4 Be7 21. Rb3 Rac8 22. Rbc3 Rc4 23. Rxc4 dxc4 24. Nc3 a6 25. e4 b5 26. f4 b4 27. f5 Nxf5 28. exf5 Bxf5 29. Nd5 Bg5 30. Be3 Bxe3+ 31. Nxe3 Be6 32. Nxc4 Rc8 33. Bf1 a5 34. Kf2 a4 35. Rc2 Rc5 36. Bd3 g6 37. Be2 Bf5 38. Rd2 Bb1 39. a3 bxa3 40. Nxa3 Kg7 41. Bb5 g5 42. Bxa4 h5 43. Nxb1 1-0

[Event "Olomouc op"]
[Site "Olomouc"]
[Date "2008.07.31"]
[Round "1"]
[White "Molnar, Jiri"]
[Black "Karlik, Vladimir"]
[Result "0-1"]
[WhiteElo "1904"]
[BlackElo "2301"]
[PlyCount "66"]
[EventDate "2008.07.31"]
[EventType "swiss"]
[EventRounds "9"]
[EventCountry "CZE"]
[SourceTitle "CBM 125 Extra"]
[Source "ChessBase"]
[SourceDate "2008.09.01"]
[SourceVersion "1"]
[SourceVersionDate "2008.09.01"]
[SourceQuality "1"]

1. e4 g6 2. f4 Bg7 3. Nc3 c6 4. Nf3 d5 5. exd5 cxd5 6. Bb5+ Nc6 7. Ne5 Bd7 8. Nxd7 Qxd7 9. 0-0 e6 10. Qe1 Nge7 11. d3 a6 12. Bxc6 Qxc6 13. Bd2 0-0 14. Rc1 Qb6+ 15. Kh1 Qxb2 16. Rb1 Qa3 17. Rxb7 Nf5 18. Rb3 Qc5 19. Qb1 Rac8 20. Be1 d4 21. Ne4 Qxc2 22. Bb4 Rfd8 23. Rf2 Qc6 24. Ba3 h6 25. Rb6 Qa4 26. Bc5 Qa5 27. Rc2 Ne3 28. Rc1 f5 29. Qb3 Nd5 30. Rxe6 Kh7 31. Qb7 fxe4 32. Rxa6 Rxc5 33. Rb1 Qc7 0-1